Čítanie učňovskej mládeže

Bibliographic Details
Main Author: Weissová, Marta (Author)
Format: Article
Language:Slovak
Subjects:

MARC

LEADER 00000nab a2200000 a 4500
001 vtls000140709
003 SK-MaSNL
005 20260304071523.0
008 250422c1983 xo 0 slo
015 |a SNBRB19rr/mm-uuuuu 
035 |a CL0150815 
035 |a urn:nbn:sk:snk-abbbwv 
035 |a (urnnbn)urn:nbn:sk:snk:ar-000lti 
035 |a (uuid)9a01e900-50a6-413c-9b77-afba36ccc637 
040 |a SNKBUCL  |b slo  |c SNKBUCL  |e AACR2 
041 0 |a slo 
044 |a xo  |c SK 
080 |a 028.001.5  |2 1981 
080 |a 027.52(437.623-21)  |2 1981 
100 1 |a Weissová, Marta  |4 aut  |9 267491 
245 1 0 |a Čítanie učňovskej mládeže  |c Marta Weissová 
650 0 7 |a mládež učňovská  |2 snkbucl  |9 921878 
650 0 7 |a práca s učňovskou mládežou  |2 snkbucl  |9 925860 
655 7 |a články z novín a časopisov  |2 snkbucl  |9 267496 
773 0 |t Čitateľ  |g Roč. 32, č. 3 (1983), s. 113-114 
850 |a Slovenská národná knižnica 
852 |a Slovenská národná knižnica 
954 |a odborná, vedecká literatúra pôvodná (slovenská)  |2 lita 
957 |a 5207 
958 |a article15 
958 |a OND 
958 |a RK 
958 |a KL 
958 |a EUIPO 
992 |a RBX 
999 |c 2760813  |d 2762743